Business Statistics. (Record no. 4935)

MARC details
005 - DATE AND TIME OF LATEST TRANSACTION
control field 20250625072430.0
020 ## - INTERNATIONAL STANDARD BOOK NUMBER
International Standard Book Number 9780321568809
082 ## - DEWEY DECIMAL CLASSIFICATION NUMBER
Classification number 591.5 SHA
100 ## - MAIN ENTRY--PERSONAL NAME
Author name SHARPE,R.N.
245 ## - TITLE STATEMENT
Title Business Statistics.
260 ## - PUBLICATION, DISTRIBUTION, ETC.
Place of publication, distribution, etc. Toronto
Name of publisher, distributor, etc. Person Education,
Date of publication, distribution, etc. 2012
300 ## - PHYSICAL DESCRIPTION
Extent xxxvi,814p.:ill.;
Other physical details Appendix
Dimensions 27cm.
700 ## - ADDED ENTRY--PERSONAL NAME
Other authors/Editors VEAUX,R , VELLEMAN P.F. & WRIGHT, D
942 ## - ADDED ENTRY ELEMENTS (KOHA)
Source of classification or shelving scheme Dewey Decimal Classification
Koha item type Books
Holdings
Date last seen Total checkouts Full call number Barcode Cost, replacement price Price effective from Koha item type Lost status Source of classification or shelving scheme Damaged status Not for loan Withdrawn status Home library Current library Shelving location Date acquired Cost, normal purchase price
06/25/2025   519.5 SHA DOM000989 225000.00 06/25/2025 Books   Dewey Decimal Classification       CBE Dodoma CBE Dodoma General Collection 05/26/2015 75000.00
06/25/2025   519.5 SHA DOM000991 225000.00 06/25/2025 Books   Dewey Decimal Classification       CBE Dodoma CBE Dodoma General Collection 05/26/2015 75000.00
06/25/2025   519.5 SHA DOM000990 225000.00 06/25/2025 Books   Dewey Decimal Classification       CBE Dodoma CBE Dodoma General Collection 05/26/2015 75000.00
06/25/2025   519.5 SHA DOM000993 225000.00 06/25/2025 Books   Dewey Decimal Classification       CBE Dodoma CBE Dodoma General Collection 05/26/2015 75000.00
06/25/2025   519.5 SHA DOM000992 225000.00 06/25/2025 Books   Dewey Decimal Classification       CBE Dodoma CBE Dodoma General Collection 05/26/2015 75000.00